00878 2200301 4500001002100000005001500021035002000036007000300056008004100059040002200100082001500122084001500137090001800152245007000170250003000240300006100270700002900331850001200360041000800372651002600380264004400406336002100450337003000471338002300501546003000524990001100554990001100565INLIS00000000086540120211014094622 a0010-1021000321ta211014s1958 xx a g 0 eng d aYOPDYOGbinderda04223a070.49 a070.49 PIC aRQ 070.49 PIC00aPictures that talk... U.S. Camera 1959 /cpenyunting, Tom Maloney a1St Edition, January 1958 a305 halaman :bilustrasi berwarna, foto, gambar ;c28 cm1 aMaloney, Tomepenyunting aYOPDYOG0 aeng 4aU.S.A.--vDokumentasi31aU.S.A. :bU.S. Camera Publishing,c1958 2rdacontentateks 2rdamediaatanpa perantara 2rdacarrieravolume aTeks dalam Bahasa Inggris a1669-b a1669-b